Meilleurs Buteurs du Real Madrid - Statistiques

Statistiques générales
  • Ce quiz a été pris 485 fois
    210 depuis la dernière actualisation
  • Le résultat moyen est 8 sur 20
Statistiques - réponses
But Nation Réponse % Correct
450 Portugal Cristiano Ronaldo
100%
354 France Karim Benzema
98%
103 Brésil Ronaldo
97%
106 Pays de Galles Gareth Bale
84%
323 Espagne Raul
84%
226 Hongrie Ferenc Puskas
72%
285 Espagne Alfredo Di Stefano
58%
208 Mexique Hugo Sanchez
48%
121 Argentine Gonzalo Higuain
34%
170 Espagne Emilio Butragueño
31%
169 Espagne Paco Gento
16%
127 Espagne Fernando Hierro
14%
101 Chili Ivan Zamorano
7%
273 Espagne Santillana
6%
131 Espagne Michel
3%
156 Espagne Pirri
3%
144 Espagne Amancio
2%
114 Espagne Juanito
1%
101 Espagne Luis Molowny
0%
112 Espagne Pahiño
0%
Aucun quiz correspondant
Distribution des résultats
% des personnes avec chaque résultat
Percentile par nombre de réponses
Votre historique - résultats
Vous n’avez pas pris ce quiz depuis la dernière actualisation